000 00659nam a2200193 i 4500
001 181912
003 ES-MaACL
005 20231019183527.0
008 130506s2004 sp |||| | spa d
080 _a821.134.2-14"19"
100 1 _aMarín Solís, J. Luis.
_9152706
245 1 4 _aLos fuegos invisibles /
_c[J. Luis Marín Solís].
260 _a[S.l. :
_bs.n.,
_c2004?]
300 _aXXXV h. ;
_c20 cm.
852 _aES-MaACL
_jA-12620
_9188820
_bR.148870
_cDEPO1
_dOlim: N-5623
_xDonación: J. Luis Marín Solís
_zDedicatoria autógrafa del autor
903 _9152706
_aMarín Solís, J. Luis
_ednr
942 _2udc
_cMONOGRAFIA
999 _c181912
_d181912